000 00707nam a2200265Ia 4500
005 20250425161928.0
008 250425s9999 xx 000 0 und d
041 _aspa
043 _ack
082 _a658.91362
100 _aFUNDACION RESTREPO, BARCO
245 0 _aGUIA PARA EL MEJORAMIENTO DE UN AREA DE ADMISIONES
250 _a1A ED.
260 _aBOGOTA
260 _aColombia
_bFUNDACION ANTONIO RESTREPO BARCO
_c1992
300 _a130
500 _aSERIE GEHOS No.3
650 _aGESTION HOSPITALARIA
650 _aHOSPITALES
650 _aORGANIZACION DEL TRABAJO
650 _aSERVICIOS DE SALUD
710 _aFUNDACION ANTONIO RESTREPO BARCO
942 _c01
010 _a35266
999 _c219045
_d219045